00654nam a2200157 a 450000100100000000500170001000800410002704000250006808200150009310000260010824501320013426000790026630000210034595201130036699900170047900003620920200930074946.0120111s19uu xxu 000 0 spa d aDO-SdBNPbspacBNPHU axxxbW187l1 aWallace, O.C.S96227313aLo que creen los bautistas :bExposición de la confesión de fe de Nuevo Hampshire /cO.C.S. Wallace ; traductor A. Vélez. aEl Paso, Texas, Estados Unidos :bCasa Bautista de Publicaciones,c[19uu]? a192 p. ;c20 cm. 001050718MOaGRbGRcCTd2012-01-11iLF1l0oxxx W187lp36209-10r2020-06-25w2020-06-25y1ZNo se presta c35700d35700